Μ' ολάνοιχτα μάτια... : παιδικές και εφηβικές μνήμες απο την κατοχή, την αντίσταση και τον εμφύλιο στη Σάμο

Αποθηκεύτηκε σε:
Λεπτομέρειες βιβλιογραφικής εγγραφής
Άλλοι συγγραφείς: Ορφανός, Νίκος Επαμ, Καββαδία, Μαρία (edtf)
Μορφή: Βιβλίο
Γλώσσα:Greek
Δημοσίευση: [Αθήνα] : Υπερόριος, 2012.
Σειρά:Μαρτυρίες (Υπερόριος)
Θέματα:
Ετικέτες: Προσθήκη ετικέτας
Δεν υπάρχουν, Καταχωρήστε ετικέτα πρώτοι!

MARC

LEADER 00000cam a2200000 i 4500
001 1/67921
008 150226s2012 gr | ||| |||| ||gre||
020 |a 9789606720222 
035 |l 10121257 
040 |a GR-MyUa  |b gre  |e AACR2 
041 0 |a gre 
082 7 |a 938.764   |2 (23) 
245 0 0 |a Μ' ολάνοιχτα μάτια... :   |b παιδικές και εφηβικές μνήμες απο την κατοχή, την αντίσταση και τον εμφύλιο στη Σάμο /   |c [Νίκος Επαμ. Ορφανός...[κ.ά.]]. ; επιμέλεια έκδοσης Μαρία Καββαδία.  
260 |a [Αθήνα] :   |b Υπερόριος,   |c 2012.  
300 |a 158 σ. ;   |c 21 εκ. 
490 1 |a (Μαρτυρίες / Υπερόριος ;   |v 13)  
650 0 |a World War, 1939-1945  |x Underground movements  |z Greece  |z Samos (Municipality) 
650 0 |a World War, 1939-1945  |v Personal narratives, Greek. 
650 0 |a Children  |z Greece  |z Samos (Municipality)  |x History  |y 20th century. 
651 0 |a Greece  |x History  |y Occupation, 1941-1944  |v Personal narratives. 
651 0 |a Greece  |x History  |y Civil War, 1944-1949  |v Personal narratives. 
651 0 |a Samos (Greece : Municipality)  |x History  |y 20th century. 
700 1 |a Ορφανός, Νίκος Επαμ. 
700 1 |a Καββαδία, Μαρία,  |e edtf 
830 0 |a Μαρτυρίες (Υπερόριος) 
852 |a INST  |b SAMOS  |e 20150226  |h 938.764 ΟΛΑ  |p 005300041835  |q 005300041835  |t BK  |y 0 
901 |a BIBL3-2015-1 
922 |a 3ΕΛΗ  |b 201407  |c ΒΙΒΛΙΟΘΗΚΗ  |d BEST BOOK HUNTERS 
970 |a ΚΟΣΙΕΡΗΣ  |b ΧΡΗΣΤΟΣ  |z 2015/02/26